000 00289nam a22001217a 4500
008 170606b xxu||||| |||| 00| 0 eng d
041 _aeng
080 _22ND
_a327
100 _a18
101 _aSHH
245 _aTHEORIES AND APPROACHES TO INTERNTIONAL POLITICS
_cMORGAN
942 _2udc
_cBK
999 _c16060
_d16060